Science Quiz

Random Science or Animal Quiz

Biological Classification Ranks Quiz Stats

 Plays Quiz Updated Apr 14, 2015

Score 0/8 Timer 01:00
1 Play Today
Example (Leopard) Hierarchy % Correct
AnimaliaKingdom
92.3%
Panthera pardusSpecies
88.5%
PantheraGenus
83.6%
ChordataPhylum
83%
CarnivoraOrder
81.3%
FelidaeFamily
80.2%
MammaliaClass
80.1%
EukaryotaDomain
52.6%

You're not logged in!

Compare scores with friends on all Sporcle quizzes.
OR
Log In

Sporcle TV

Today on Sporcle TV


Watch our educational content, quiz creation guides, and fun videos on Sporcle TV.

Show Comments

Extras

Top Quizzes Today


Score Distribution

Your Account Isn't Verified!

In order to create a playlist on Sporcle, you need to verify the email address you used during registration. Go to your Sporcle Settings to finish the process.

Report this User

Report this user for behavior that violates our Community Guidelines.

Details: